Fluid mechanics through worked out problems (Record no. 2538)

000 -LEADER
fixed length control field 00578nam a22002177a 4500
001 - CONTROL NUMBER
control field 2538
003 - CONTROL NUMBER IDENTIFIER
control field BD-DhUET
008 - FIXED-LENGTH DATA ELEMENTS--GENERAL INFORMATION
fixed length control field 140924b xxu||||| |||| 00| 0 eng d
020 ## - INTERNATIONAL STANDARD BOOK NUMBER
International Standard Book Number 9843109230
040 ## - CATALOGING SOURCE
Transcribing agency 0
Modifying agency BD-DhUET
082 ## - DEWEY DECIMAL CLASSIFICATION NUMBER
Classification number 532
Item number QUA/2006
100 ## - MAIN ENTRY--PERSONAL NAME
Personal name Quamrul Islam , Md.
245 ## - TITLE STATEMENT
Title Fluid mechanics through worked out problems
250 ## - EDITION STATEMENT
Edition statement 1st ed.
260 ## - PUBLICATION, DISTRIBUTION, ETC. (IMPRINT)
Place of publication, distribution, etc. Gazipur
Name of publisher, distributor, etc. Islamic University of Technology
Date of publication, distribution, etc. 2006
300 ## - PHYSICAL DESCRIPTION
Extent xii,777 p.
504 ## - BIBLIOGRAPHY, ETC. NOTE
Bibliography, etc Includes bibliographies
650 #0 - SUBJECT ADDED ENTRY--TOPICAL TERM
Topical term or geographic name as entry element Fluid mechanics
700 ## - ADDED ENTRY--PERSONAL NAME
Personal name Mondal , Amalesh Chandra
942 ## - ADDED ENTRY ELEMENTS (KOHA)
Koha item type General Book
Holdings
Location (home branch) Lost status Koha out on loan Koha date last seen Withdrawn status Koha normalized classification for sorting Not for loan Sublocation or collection (holding branch) Koha renewals Koha issues (times borrowed) Source of classification or shelving scheme Copy number Piece designation (barcode) Shelving location Koha item type Price effective from Damaged status Date acquired Koha full call number Koha date last borrowed
Central Library, BUET 2024-09-142024-08-31 532QUA2006 Central Library, BUET 9 1102749Circulation sectionGeneral Book2014-09-24 2014-09-24532/QUA/20062024-08-31
Central Library, BUET  2025-11-09 532_000000000000000_QUA_2006 Central Library, BUET 16 2102750Circulation sectionGeneral Book2014-09-24 2014-09-24532/QUA/20062025-08-10
Central Library, BUET  2026-04-12 532_000000000000000_QUA_2006 Central Library, BUET115 3102751Circulation sectionGeneral Book2014-09-24 2014-09-24532/QUA/20062026-03-30
Central Library, BUET 2025-07-142025-06-30 532_000000000000000_QUA_2006 Central Library, BUET 24 4102748Circulation sectionGeneral Book2015-08-17 2015-08-17532/QUA/20062025-06-30
Central Library, BUET 2023-12-162023-12-02 532_000000000000000_QUA_2006 Central Library, BUET 10 5102752Circulation sectionGeneral Book2018-04-21 2006-11-06532/QUA/20062023-12-02